The Password Is... Quiz Stats

 Plays Quiz Updated Nov 9, 2016

Also try: Common Passwords
Challenge
Share
Tweet
Embed
Score 0/75 Timer 06:00
3 Plays Today
Hint Password % Correct
???
100%
???
100%
???
100%
???
100%
???
100%
???
100%
???
100%
???
100%
???
100%
???
100%
???
100%
???
100%
???
100%
???
100%
???
100%
01???
99.6%
06???
99.6%
31???
99.6%
11???
99.6%
16???
99.6%
21???
99.6%
26???
99.6%
36???
99.6%
41???
99.6%
46???
99.6%
P???
65.3%
P???
63.4%
05???
62.3%
04???
62.2%
10???
61.1%
09???
58.2%
P???
57.7%
03???
56.8%
P???
55.6%
25???
50.6%
P???
48.8%
P???
46.3%
08???
44.7%
Hint Password % Correct
24???
42.7%
P???
42.4%
P???
41.9%
15???
40.1%
40???
39.4%
P???
39.1%
30???
36.9%
45???
35%
35???
33.6%
07???
31.8%
20???
31.6%
44???
31.6%
39???
31%
19???
30.7%
23???
29.3%
34???
26.9%
14???
25.8%
38???
23.9%
37???
20.3%
18???
20.1%
33???
17%
29???
15.9%
P???
11.7%
43???
10.5%
02???
10.5%
28???
9.3%
13???
8.6%
50???
7.6%
27???
7.1%
22???
6.9%
32???
6.8%
12???
6.6%
49???
6.6%
17???
6.5%
42???
5.6%
48???
3.3%
47???
2.5%

You're not logged in!

Compare scores with friends on all Sporcle quizzes.
OR
Log In

You Might Also Like...

Show Comments

Extras

Top Quizzes Today


Score Distribution

Your Account Isn't Verified!

In order to create a playlist on Sporcle, you need to verify the email address you used during registration. Go to your Sporcle Settings to finish the process.

Report this User

Report this user for behavior that violates our Community Guidelines.

Details: